Indian social problems (Record no. 9654)

MARC details
000 -LEADER
fixed length control field 00548cam a2200193ua 4500
001 - CONTROL NUMBER
control field 10693
005 - DATE AND TIME OF LATEST TRANSACTION
control field 20260515114642.0
008 - FIXED-LENGTH DATA ELEMENTS--GENERAL INFORMATION
fixed length control field 190327n ii |||gr||||Z||||||eng
020 ## - INTERNATIONAL STANDARD BOOK NUMBER
International Standard Book Number 9788184244533
040 ## - CATALOGING SOURCE
Transcribing agency MAIN
082 ## - DEWEY DECIMAL CLASSIFICATION NUMBER
Classification number 361.954
100 ## - MAIN ENTRY--PERSONAL NAME
Personal name Gurumukh Ram Madan,
Relator term Author.,
245 ## - TITLE STATEMENT
Title Indian social problems
Remainder of title volume 1 social disorganization
250 ## - EDITION STATEMENT
Edition statement 1st ed rep. /
Remainder of edition statement V.I.
260 ## - PUBLICATION, DISTRIBUTION, ETC.
Place of publication, distribution, etc. New Delhi:
Name of publisher, distributor, etc. Allied publishers pvt limited,
Date of publication, distribution, etc. 2015.
300 ## - PHYSICAL DESCRIPTION
Extent 590p.
653 ## - INDEX TERM--UNCONTROLLED
Uncontrolled term Social problems & social welfare in general
942 ## - ADDED ENTRY ELEMENTS (KOHA)
Koha item type Books
Holdings
Withdrawn status Lost status Damaged status Not for loan Home library Current library Shelving location Date acquired Total checkouts Full call number Barcode Date last seen Copy number Price effective from Koha item type
        Naharkatiya College Library Naharkatiya College Library General stacks 09/19/2020   361.954Indian social problems | MAD 25434 09/19/2020 1 09/19/2020 Books